1637 1644 1198 1311 1774 1060 1936 1974 1026 1520 1859 1007 1364 1337 1705 1211 1872 1729 1360 1439 1105 1288 1211 1437 1208 1063 1489 1628 1071 1016 1853 1117 1084 1795 1888 1578 1734 1034 1127 1182 1428 1403 1317 1771 1996 1164 1015 1574 1128 1544 1602 1008 1988 1280 1513 1451 1710 1859 1885 1416 1416 1729 1862 1531 1670 1005 1195 1607 1056 1297 1349 1511 1602 1085 2000 1366 1081 1847 1396 1934 1452 1337 1954 1830 1831 1579 1875 1239 1460 1963 1827 1875 1423 1852 1099 1885 1725 1199 1165 BCNSPRNW ULIB Ver.6.0+V

เปลี่ยนเป็นภาษาไทย

Change to English
 แสดงรายละเอียดบรรณานุกรม
  กลับหน้าหลัก

Brief Record : Get Marc (ISO 2709) : E-mail record : QR code < ปิดหน้าต่าง
LEADER : 00000nam 2200000uu 4500
001    13399124394
003     ULIB
008    150605s2551||||th 000 0 tha d
020    ^a9745150991
060  4  ^aWA546^bค695
110 1  ^aกระทรวงสาธารณสุข.^bกรมอนามัย.
245  0  ^aคู่มือการส่งเสริมสุขภาพวัยทำงาน /^cกรมอนามัย กระทรวงสาธารณสุข.
250    พิมพ์ครั้งที่6
260    ^aกรุงเทพฯ :^bกรมอนามัย,^c 2551.
300    ^a80 หน้า :^bภาพประกอบ ;^c21 ซม.
650  7  ^aวัยกลางคน^xสุขภาพและอนามัย.
650  7  ^aการส่งเสริมสุขภาพ.
945    ^p0^l0^i22966
945    ^p0^l0^i22967
945    ^p0^l0^i22968
945    ^p0^l0^i22969
999    ^aทศพร เกษรทอง
รายการนี้ยังไม่มีแท็ก
คุณยังไม่ได้ล็อกอิน คุณสามารถมีกิจกรรมร่วมกับเว็บไซต์ได้ แต่ต้องล็อกอินก่อน ::
  ล็อกอิน

รายการสื่อสารสนเทศ

ลำดับที่ ประเภท เลขเรียก/บาร์โค้ด สถานที่ สถานะ
- ไม่พบข้อมูล -

รายการใกล้เคียง
    หัวเรื่อง [การส่งเสริมสุขภาพ.]

BibComment


ยังไม่เคยถูกคอมเมนท์

คอมเมนท์ทรัพยากรรายการนี้
  คอมเมนท์: คู่มือการส่งเสร..


 Copyright 2026. Bcnsprnw @Library